Villes de France de plus de 15 000 habitants sur une carte - Statistiques

Statistiques générales
  • Ce quiz a été pris 993 fois
  • Le résultat moyen est 204 sur 650
Réponses sur la Carte
Les réponses sont colorées sur une échelle allant du rouge au vert en fonction du pourcentage des utilisateurs qui les ont devinées à leur premier essai. Vous pouvez retrouver ces pourcentages ci-dessous.
 
Statistiques - réponses
Population Ville % Correct
2 133 111 habitants Paris
90%
236 710 habitants Lille
89%
873 076 habitants Marseille
88%
522 250 habitants Lyon
87%
15 849 habitants Toul
87%
261 804 habitants Bordeaux
85%
139 619 habitants Brest
85%
323 204 habitants Nantes
85%
348 085 habitants Nice
85%
291 313 habitants Strasbourg
85%
225 081 habitants Rennes
84%
504 078 habitants Toulouse
84%
302 454 habitants Montpellier
82%
147 478 habitants Aix-en-Provence
80%
166 058 habitants Le Havre
80%
108 200 habitants Caen
79%
86 788 habitants Dunkerque
79%
159 346 habitants Dijon
77%
172 718 habitants Saint-Étienne
77%
180 452 habitants Toulon
77%
137 658 habitants Tours
77%
147 327 habitants Clermont-Ferrand
76%
157 477 habitants Grenoble
76%
119 656 habitants Perpignan
76%
179 380 habitants Reims
76%
113 942 habitants | 154 765 habitants Saint-Denis
76%
73 822 habitants Ajaccio
75%
120 874 habitants Metz
75%
63 642 habitants Quimper
75%
28 508 habitants Saint-Étienne-du-Rouvray
75%
157 175 habitants Angers
74%
67 380 habitants Calais
74%
104 260 habitants Nancy
74%
114 083 habitants Rouen
74%
48 768 habitants Bastia
73%
54 952 habitants La Roche-sur-Yon
73%
148 104 habitants Nîmes
73%
133 625 habitants Amiens
72%
73 255 habitants Cannes
72%
145 004 habitants Le Mans
72%
116 617 habitants Orléans
72%
83 587 habitants Versailles
72%
131 715 habitants Annecy
71%
78 535 habitants La Rochelle
71%
129 760 habitants Limoges
71%
77 066 habitants Pau
71%
47 323 habitants Saint-Malo
70%
31 874 habitants Aix-les-Bains
69%
41 525 habitants Bourg-en-Bresse
69%
106 341 habitants Mulhouse
69%
90 240 habitants Poitiers
69%
64 483 habitants Valence
69%
25 764 habitants Biarritz
68%
77 808 habitants Cherbourg-en-Cotentin
68%
90 330 habitants Avignon
67%
119 808 habitants Boulogne-Billancourt
67%
30 909 habitants Baie-Mahault
66%
52 749 habitants Bayonne
66%
40 910 habitants Boulogne-sur-Mer
66%
20 810 habitants Bourg-la-Reine
66%
19 581 habitants Bourg-lès-Valence
66%
67 730 habitants Colmar
66%
57 846 habitants Lorient
66%
54 420 habitants Vannes
66%
119 198 habitants Besançon
65%
62 782 habitants Troyes
65%
156 928 habitants Villeurbanne
65%
80 341 habitants Béziers
62%
32 618 habitants Lens
62%
34 778 habitants Auxerre
61%
46 218 habitants Carcassonne
61%
98 892 habitants Roubaix
61%
44 224 habitants Saint-Brieuc
61%
72 057 habitants Saint-Nazaire
61%
42 600 habitants Arras
60%
45 155 habitants Belfort
60%
59 856 habitants Chambéry
60%
97 351 habitants Nanterre
60%
19 373 habitants Saint-Lô
60%
74 921 habitants Fort-de-France
59%
49 657 habitants Laval
59%
56 395 habitants Narbonne
59%
59 309 habitants Niort
59%
41 086 habitants Angoulême
58%
63 702 habitants Bourges
58%
63 468 habitants Cayenne
58%
99 011 habitants Tourcoing
58%
46 813 habitants Blois
57%
38 447 habitants Chartres
57%
42 968 habitants Châteauroux
57%
47 289 habitants Évreux
57%
66 177 habitants Évry-Courcouronnes
57%
40 500 habitants Gap
57%
61 919 habitants Montauban
57%
50 415 habitants Arles
56%
56 677 habitants Beauvais
56%
45 031 habitants Chalon-sur-Saône
56%
46 398 habitants Charleville-Mézières
56%
49 714 habitants Albi
55%
30 412 habitants Menton
55%
84 077 habitants Saint-Pierre
55%
15 909 habitants Saint-Pierre-des-Corps
55%
44 712 habitants Sète
55%
62 067 habitants Villeneuve-d'Ascq
55%
21 629 habitants Villeneuve-sur-Lot
55%
46 599 habitants Brive-la-Gaillarde
54%
68 348 habitants Cergy
54%
92 989 habitants Créteil
54%
59 267 habitants Neuilly-sur-Seine
54%
42 991 habitants Valenciennes
54%
25 371 habitants Villeneuve-la-Garenne
54%
42 367 habitants Melun
53%
21 415 habitants Neuilly-Plaisance
53%
37 531 habitants Neuilly-sur-Marne
53%
29 516 habitants Périgueux
53%
24 207 habitants Rodez
53%
21 129 habitants Villeneuve-le-Roi
53%
16 779 habitants Villeneuve-Loubet
53%
35 492 habitants Villeneuve-Saint-Georges
53%
71 437 habitants Mamoudzou
52%
30 674 habitants Mont-de-Marsan
52%
32 830 habitants Nevers
52%
52 958 habitants Saint-Quentin
52%
43 955 habitants Tarbes
52%
32 485 habitants Agen
51%
25 555 habitants Alençon
51%
21 347 habitants Dax
51%
32 285 habitants Épinal
51%
34 448 habitants Mâcon
51%
111 455 habitants Montreuil
51%
21 700 habitants Saint-Jean-de-Braye
51%
16 594 habitants Saint-Jean-de-la-Ruelle
51%
25 815 habitants Aurillac
50%
57 082 habitants Fréjus
50%
48 402 habitants Les Sables-d'Olonne
50%
43 892 habitants Alès
49%
75 130 habitants Antibes
49%
42 672 habitants Castres
49%
25 518 habitants Saintes
49%
105 240 habitants Saint-Paul
49%
15 603 habitants Sin-le-Noble
49%
107 221 habitants Argenteuil
48%
90 071 habitants Aubervilliers
48%
28 358 habitants Dieppe
48%
55 103 habitants Hyères
48%
68 580 habitants Issy-les-Moulineaux
48%
75 729 habitants Mérignac
48%
19 343 habitants Moulins
48%
37 027 habitants Thonon-les-Bains
48%
25 789 habitants Vichy
48%
23 041 habitants Auch
47%
55 056 habitants Bobigny
47%
64 001 habitants Ivry-sur-Seine
47%
24 021 habitants Laon
47%
40 399 habitants Montélimar
47%
28 949 habitants Orange
47%
20 141 habitants Cahors
46%
43 877 habitants Châlons-en-Champagne
46%
55 616 habitants Meaux
46%
24 482 habitants Orly
46%
31 327 habitants Pontoise
46%
53 936 habitants Cholet
45%
50 250 habitants Saint-Laurent-du-Maroni
45%
64 849 habitants Clichy
44%
22 891 habitants Fontaine
44%
18 629 habitants Le Puy-en-Velay
44%
25 573 habitants Montbéliard
44%
30 941 habitants Saint-Laurent-du-Var
44%
16 689 habitants Verdun
44%
63 232 habitants Antony
43%
29 735 habitants Clichy-sous-Bois
43%
17 192 habitants Digne-les-Bains
43%
44 577 habitants Istres
43%
68 009 habitants Levallois-Perret
43%
21 712 habitants Millau
43%
16 608 habitants Sedan
43%
42 163 habitants Thionville
43%
15 130 habitants Vesoul
43%
40 394 habitants Compiègne
42%
30 879 habitants Dreux
42%
33 342 habitants Montluçon
42%
66 760 habitants Pessac
42%
34 762 habitants Roanne
42%
35 950 habitants Saint-Raphaël
42%
31 051 habitants Vienne
42%
35 913 habitants Villefranche-sur-Saône
42%
21 699 habitants Chaumont
41%
20 607 habitants Concarneau
41%
17 043 habitants Lons-le-Saunier
41%
44 539 habitants Mantes-la-Jolie
41%
48 568 habitants Martigues
41%
50 962 habitants Massy
41%
58 424 habitants Sarcelles
41%
48 798 habitants Vincennes
41%
96 205 habitants Vitry-sur-Seine
41%
47 342 habitants Aubagne
40%
26 323 habitants Bergerac
40%
39 648 habitants Douai
40%
39 745 habitants Draguignan
40%
48 323 habitants Grasse
40%
21 376 habitants Mantes-la-Ville
40%
23 092 habitants Rochefort
40%
23 061 habitants Roissy-en-Brie
40%
53 207 habitants Saint-Ouen-sur-Seine
40%
66 363 habitants Vénissieux
40%
22 595 habitants Abbeville
39%
37 918 habitants Annemasse
39%
20 032 habitants Beaune
39%
26 466 habitants Blagnac
39%
88 870 habitants Colombes
39%
20 653 habitants Fougères
39%
20 344 habitants Lannion
39%
60 800 habitants Pantin
39%
25 023 habitants Saint-Ouen-l'Aumône
39%
29 103 habitants Agde
38%
23 775 habitants Dole
38%
81 943 habitants Le Tampon
38%
24 557 habitants Libourne
38%
19 029 habitants Royan
38%
27 034 habitants Sens
38%
57 753 habitants Villejuif
38%
89 662 habitants Asnières-sur-Seine
37%
15 945 habitants Fontainebleau
37%
62 763 habitants La Seyne-sur-Mer
37%
34 893 habitants Palaiseau
37%
44 380 habitants Saint-Germain-en-Laye
37%
25 348 habitants Vierzon
37%
19 812 habitants Albertville
36%
41 153 habitants Anglet
36%
86 135 habitants Aulnay-sous-Bois
36%
36 106 habitants Creil
36%
35 715 habitants Haguenau
36%
19 807 habitants Lisieux
36%
70 374 habitants Noisy-le-Grand
36%
46 094 habitants Noisy-le-Sec
36%
26 816 habitants Rambouillet
36%
28 705 habitants Soissons
36%
31 425 habitants Cambrai
35%
30 769 habitants Carpentras
35%
31 284 habitants Châtellerault
35%
81 516 habitants Courbevoie
35%
71 363 habitants Drancy
35%
24 612 habitants Kourou
35%
33 472 habitants Nogent-sur-Marne
35%
21 382 habitants Nogent-sur-Oise
35%
23 068 habitants Saint-Dizier
35%
22 698 habitants | 53 935 habitants Saint-Louis
35%
75 441 habitants Saint-Maur-des-Fossés
35%
26 215 habitants Saumur
35%
24 992 habitants Béthune
34%
18 448 habitants Cognac
34%
24 772 habitants Fontenay-aux-Roses
34%
51 812 habitants Fontenay-sous-Bois
34%
17 796 habitants Hendaye
34%
33 336 habitants Le Port
34%
33 003 habitants Marignane
34%
15 061 habitants Montargis
34%
47 657 habitants Montrouge
34%
22 277 habitants Oyonnax
34%
78 186 habitants Rueil-Malmaison
34%
54 491 habitants Clamart
33%
52 683 habitants Corbeil-Essonnes
33%
22 001 habitants Épernay
33%
36 987 habitants La Ciotat
33%
52 118 habitants Les Abymes
33%
29 765 habitants Bois-Colombes
32%
43 049 habitants Bron
32%
52 580 habitants Cagnes-sur-Mer
32%
77 724 habitants Champigny-sur-Marne
32%
26 529 habitants Étampes
32%
40 016 habitants Poissy
32%
17 849 habitants Pontarlier
32%
43 672 habitants Puteaux
32%
42 998 habitants Rezé
32%
34 344 habitants Sainte-Marie
32%
38 454 habitants Saint-Martin-d'Hères
32%
44 731 habitants Salon-de-Provence
32%
52 905 habitants Bondy
31%
21 130 habitants Forbach
31%
38 183 habitants Joué-lès-Tours
31%
47 160 habitants La Courneuve
31%
46 342 habitants Meudon
31%
49 537 habitants Saint-Herblain
31%
15 435 habitants Bois-d'Arcy
30%
36 849 habitants Échirolles
30%
49 410 habitants Gennevilliers
30%
58 068 habitants Maisons-Alfort
30%
29 066 habitants Maubeuge
30%
16 394 habitants Pamiers
30%
29 727 habitants Saint-Cloud
30%
19 319 habitants Saint-Dié-des-Vosges
30%
20 624 habitants Sarreguemines
30%
33 717 habitants Trappes
30%
18 016 habitants Fécamp
29%
17 544 habitants Lattes
29%
30 292 habitants Malakoff
29%
18 736 habitants Riom
29%
32 911 habitants Romans-sur-Isère
29%
51 845 habitants Sevran
29%
22 444 habitants Torcy
29%
45 046 habitants Alfortville
28%
39 366 habitants Bagnolet
28%
30 813 habitants Bègles
28%
58 257 habitants Le Blanc-Mesnil
28%
25 975 habitants Le Grand-Quevilly
28%
23 469 habitants Les Lilas
28%
57 150 habitants Saint-André
28%
15 840 habitants Saint-Julien-en-Genevois
28%
48 822 habitants Saint-Priest
28%
45 225 habitants Talence
28%
52 139 habitants Vaulx-en-Velin
28%
15 204 habitants Château-Thierry
27%
40 159 habitants Colomiers
27%
16 468 habitants La Baule-Escoublac
27%
21 782 habitants Le Petit-Quevilly
27%
31 392 habitants L'Haÿ-les-Roses
27%
21 854 habitants Montigny-lès-Metz
27%
37 023 habitants Saint-Benoît
27%
15 255 habitants Senlis
27%
49 104 habitants Suresnes
27%
28 014 habitants Vanves
27%
18 998 habitants Vitré
27%
35 532 habitants Vitrolles
27%
43 699 habitants Bagneux
26%
54 309 habitants Chelles
26%
46 129 habitants Choisy-le-Roi
26%
15 014 habitants Issoire
26%
20 731 habitants Le Creusot
26%
24 380 habitants Le Kremlin-Bicêtre
26%
31 777 habitants Montigny-le-Bretonneux
26%
22 603 habitants Montigny-lès-Cormeilles
26%
17 910 habitants Pornic
26%
17 004 habitants Saint-Cyr-sur-Loire
26%
15 747 habitants Vendôme
26%
17 135 habitants Vire Normandie
26%
25 923 habitants Cavaillon
25%
53 489 habitants Épinay-sur-Seine
25%
17 755 habitants Lunéville
25%
39 356 habitants Marcq-en-Barœul
25%
25 060 habitants Muret
25%
16 136 habitants Port-de-Bouc
25%
45 655 habitants Rosny-sous-Bois
25%
20 971 habitants Saint-Cyr-l'École
25%
19 300 habitants Sélestat
25%
24 543 habitants Vernon
25%
29 577 habitants Bourgoin-Jallieu
24%
36 777 habitants Châtillon
24%
26 556 habitants La Teste-de-Buch
24%
41 597 habitants Le Cannet
24%
26 185 habitants Lunel
24%
22 926 habitants Manosque
24%
17 239 habitants Marmande
24%
51 220 habitants Sartrouville
24%
19 906 habitants Bressuire
23%
30 592 habitants Cachan
23%
43 572 habitants Caluire-et-Cuire
23%
20 510 habitants Carquefou
23%
24 888 habitants Castelnau-le-Lez
23%
21 438 habitants Fleury-les-Aubrais
23%
34 129 habitants Schiltigheim
23%
21 557 habitants Arcueil
22%
25 581 habitants Armentières
22%
19 213 habitants Brie-Comte-Robert
22%
17 400 habitants Bry-sur-Marne
22%
29 445 habitants Charenton-le-Pont
22%
27 257 habitants Grigny
22%
18 115 habitants Romorantin-Lanthenay
22%
21 195 habitants Saint-Mandé
22%
21 437 habitants Saint-Michel-sur-Orge
22%
37 371 habitants Savigny-sur-Orge
22%
22 618 habitants Sèvres
22%
37 271 habitants Tremblay-en-France
22%
29 537 habitants Vandœuvre-lès-Nancy
22%
22 713 habitants Vélizy-Villacoublay
22%
23 808 habitants Frontignan
21%
31 375 habitants Plaisir
21%
30 510 habitants Savigny-le-Temple
21%
38 725 habitants Villepinte
21%
28 836 habitants Villiers-le-Bel
21%
30 669 habitants Villiers-sur-Marne
21%
40 836 habitants Wattrelos
21%
26 571 habitants Bussy-Saint-Georges
20%
42 841 habitants Garges-lès-Gonesse
20%
16 151 habitants Guérande
20%
26 035 habitants Hénin-Beaumont
20%
33 449 habitants Houilles
20%
27 118 habitants Illkirch-Graffenstaden
20%
29 932 habitants La Garenne-Colombes
20%
16 206 habitants Landerneau
20%
21 467 habitants Mons-en-Barœul
20%
33 266 habitants Romainville
20%
20 488 habitants Sceaux
20%
36 203 habitants Six-Fours-les-Plages
20%
28 699 habitants Yerres
20%
17 716 habitants Cesson-Sévigné
19%
29 649 habitants Chatou
19%
15 469 habitants Fos-sur-Mer
19%
22 227 habitants Hérouville-Saint-Clair
19%
20 413 habitants Joinville-le-Pont
19%
18 424 habitants Juvisy-sur-Orge
19%
23 026 habitants Lanester
19%
39 641 habitants Le Lamentin
19%
33 977 habitants Les Mureaux
19%
25 253 habitants Les Ulis
19%
30 149 habitants Liévin
19%
16 831 habitants Montceau-les-Mines
19%
38 258 habitants Pontault-Combault
19%
35 068 habitants Saint-Chamond
19%
34 893 habitants Saint-Leu
19%
28 283 habitants Saint-Sébastien-sur-Loire
19%
28 965 habitants Sotteville-lès-Rouen
19%
40 359 habitants Stains
19%
16 873 habitants Annonay
18%
27 106 habitants Brétigny-sur-Orge
18%
20 215 habitants Bruges
18%
22 494 habitants Challans
18%
34 898 habitants Châtenay-Malabry
18%
35 926 habitants Conflans-Sainte-Honorine
18%
15 250 habitants Coulommiers
18%
28 780 habitants Fresnes
18%
19 048 habitants Gentilly
18%
22 352 habitants Gif-sur-Yvette
18%
20 654 habitants Givors
18%
20 331 habitants La Chapelle-sur-Erdre
18%
29 228 habitants Le Plessis-Robinson
18%
20 218 habitants Le Plessis-Trévise
18%
16 865 habitants Le Pré-Saint-Gervais
18%
19 965 habitants L'Isle-sur-la-Sorgue
18%
46 028 habitants Livry-Gargan
18%
24 281 habitants Sainte-Anne
18%
15 979 habitants Saint-Leu-la-Forêt
18%
32 538 habitants Saint-Médard-en-Jalles
18%
27 622 habitants Sucy-en-Brie
18%
31 097 habitants Thiais
18%
29 439 habitants Tournefeuille
18%
31 045 habitants Viry-Châtillon
18%
20 891 habitants Voiron
18%
20 836 habitants Wasquehal
18%
17 664 habitants Brignoles
17%
16 710 habitants Château-Gontier-sur-Mayenne
17%
29 731 habitants Décines-Charpieu
17%
40 189 habitants Gagny
17%
16 453 habitants Les Herbiers
17%
17 206 habitants L'Isle-d'Abeau
17%
15 191 habitants Longwy
17%
35 882 habitants Meyzieu
17%
27 980 habitants Montfermeil
17%
22 855 habitants Olivet
17%
19 991 habitants Chaville
16%
20 778 habitants Croix
16%
37 520 habitants Franconville
16%
17 898 habitants Garches
16%
25 963 habitants Gonesse
16%
23 080 habitants Maisons-Laffitte
16%
16 064 habitants Montbrison
16%
16 007 habitants Orsay
16%
27 872 habitants Orvault
16%
27 113 habitants Oullins
16%
29 825 habitants Ris-Orangis
16%
35 846 habitants Sainte-Geneviève-des-Bois
16%
16 135 habitants | 38 807 habitants Saint-Joseph
16%
40 500 habitants Villenave-d'Ornon
16%
36 222 habitants Athis-Mons
15%
17 831 habitants Dzaoudzi
15%
22 488 habitants La Madeleine
15%
21 561 habitants Mandelieu-la-Napoule
15%
21 870 habitants Montmorency
15%
20 066 habitants Mont-Saint-Aignan
15%
32 379 habitants Pierrefitte-sur-Seine
15%
21 858 habitants Sainte-Foy-lès-Lyon
15%
17 699 habitants Segré-en-Anjou Bleu
15%
17 385 habitants Balma
14%
32 017 habitants Bezons
14%
17 570 habitants Boissy-Saint-Léger
14%
19 651 habitants Bruz
14%
25 695 habitants Champs-sur-Marne
14%
17 164 habitants Cluses
14%
28 987 habitants Ermont
14%
15 663 habitants Gaillac
14%
30 693 habitants Goussainville
14%
25 835 habitants Gradignan
14%
21 498 habitants Hazebrouck
14%
16 845 habitants Lamballe-Armor
14%
30 924 habitants Le Chesnay-Rocquencourt
14%
20 620 habitants Longjumeau
14%
23 013 habitants Loos
14%
31 247 habitants Rillieux-la-Pape
14%
20 929 habitants Saint-Genis-Laval
14%
22 676 habitants Tassin-la-Demi-Lune
14%
15 680 habitants Beaucaire
13%
26 778 habitants Cenon
13%
20 193 habitants Cournon-d'Auvergne
13%
17 137 habitants Firminy
13%
20 331 habitants Grande-Synthe
13%
22 399 habitants Gujan-Mestras
13%
31 605 habitants Herblay-sur-Seine
13%
35 245 habitants La Possession
13%
34 213 habitants Le Perreux-sur-Marne
13%
15 646 habitants Le Vésinet
13%
26 405 habitants Miramas
13%
20 605 habitants Montaigu-Vendée
13%
22 259 habitants Montereau-Fault-Yonne
13%
17 133 habitants Sallanches
13%
15 423 habitants Tarascon
13%
26 002 habitants Vertou
13%
30 332 habitants Villemomble
13%
21 368 habitants Achères
12%
21 490 habitants Allauch
12%
22 845 habitants Dammarie-les-Lys
12%
25 373 habitants Eaubonne
12%
26 082 habitants Élancourt
12%
15 951 habitants Elbeuf
12%
21 174 habitants Gardanne
12%
29 406 habitants Guyancourt
12%
27 121 habitants Lambersart
12%
23 291 habitants Lormont
12%
15 980 habitants Saint-Amand-les-Eaux
12%
17 268 habitants Sanary-sur-Mer
12%
28 025 habitants Vallauris
12%
26 822 habitants Villeparisis
12%
16 960 habitants Viroflay
12%
18 248 habitants Bagnols-sur-Cèze
11%
23 639 habitants Beaupréau-en-Mauges
11%
18 316 habitants Carrières-sous-Poissy
11%
15 038 habitants Carrières-sur-Seine
11%
17 909 habitants Châteauneuf-les-Martigues
11%
19 938 habitants Chilly-Mazarin
11%
18 361 habitants Écully
11%
15 460 habitants Guipavas
11%
15 746 habitants Hennebont
11%
32 156 habitants Koungou
11%
20 476 habitants La Celle-Saint-Cloud
11%
25 912 habitants La Garde
11%
21 191 habitants Lagny-sur-Marne
11%
21 305 habitants Le Robert
11%
20 266 habitants Lingolsheim
11%
18 350 habitants Louviers
11%
19 677 habitants Mougins
11%
20 012 habitants Pertuis
11%
24 293 habitants Sainte-Suzanne
11%
25 806 habitants Sèvremoine
11%
18 750 habitants Bonneuil-sur-Marne
10%
20 326 habitants Chevilly-Larue
10%
20 765 habitants Coudekerque-Branche
10%
20 640 habitants Denain
10%
17 175 habitants Jouy-le-Moutier
10%
20 207 habitants Le Mée-sur-Seine
10%
24 165 habitants Les Pavillons-sous-Bois
10%
22 161 habitants Les Pennes-Mirabeau
10%
27 999 habitants Limeil-Brévannes
10%
20 627 habitants Mitry-Mory
10%
19 360 habitants Saint-Fons
10%
20 866 habitants Saint-Gratien
10%
17 631 habitants Saint-Maximin-la-Sainte-Baume
10%
26 768 habitants Sannois
10%
19 415 habitants Vence
10%
25 423 habitants Brunoy
9%
16 669 habitants Châteaurenard
9%
22 240 habitants Combs-la-Ville
9%
23 057 habitants Couëron
9%
22 510 habitants Deuil-la-Barre
9%
29 173 habitants Draveil
9%
23 955 habitants La Valette-du-Var
9%
24 339 habitants Le Bouscat
9%
15 832 habitants Le Pecq
9%
34 810 habitants Matoury
9%
16 596 habitants Mauguio
9%
23 800 habitants Montgeron
9%
18 591 habitants Ploemeur
9%
27 274 habitants Remire-Montjoly
9%
15 045 habitants Saint-Avold
9%
15 419 habitants Saint-Just-Saint-Rambert
9%
16 679 habitants Saran
9%
19 341 habitants Schœlcher
9%
31 050 habitants Vigneux-sur-Seine
9%
17 672 habitants Avion
8%
20 410 habitants Bouguenais
8%
21 827 habitants Bruay-la-Buissière
8%
17 454 habitants Chamalières
8%
21 386 habitants Chemillé-en-Anjou
8%
24 374 habitants Eysines
8%
20 829 habitants Halluin
8%
18 713 habitants Hem
8%
27 184 habitants Le Gosier
8%
22 645 habitants Le Moule
8%
17 551 habitants Le Pontet
8%
16 531 habitants Marly-le-Roi
8%
18 611 habitants Maurepas
8%
18 573 habitants Meylan
8%
20 692 habitants Ozoir-la-Ferrière
8%
15 214 habitants Rive-de-Gier
8%
15 998 habitants Rumilly
8%
15 527 habitants Sainte-Luce-sur-Loire
8%
18 008 habitants Soisy-sous-Montmorency
8%
19 117 habitants Sorgues
8%
27 025 habitants Taverny
8%
15 914 habitants Verneuil-sur-Seine
8%
16 789 habitants Cestas
7%
26 741 habitants Cormeilles-en-Parisis
7%
17 749 habitants Floirac
7%
15 204 habitants Francheville
7%
19 179 habitants La Crau
7%
17 237 habitants Les Clayes-sous-Bois
7%
15 711 habitants Mennecy
7%
15 457 habitants Montivilliers
7%
20 785 habitants Morsang-sur-Orge
7%
15 461 habitants Noisiel
7%
19 437 habitants Ronchin
7%
19 083 habitants Villefontaine
7%
17 939 habitants Bischheim
6%
16 004 habitants Blanquefort
6%
15 248 habitants Bouc-Bel-Air
6%
17 852 habitants Carvin
6%
18 367 habitants Chennevières-sur-Marne
6%
20 341 habitants Cugnaux
6%
17 626 habitants Limay
6%
15 602 habitants Lucé
6%
18 248 habitants Moissy-Cramayel
6%
24 272 habitants Petit-Bourg
6%
19 944 habitants Plaisance-du-Touch
6%
15 000 habitants Saint-Avertin
6%
16 995 habitants Saint-Égrève
6%
15 358 habitants Trélazé
6%
16 295 habitants Valserhône
6%
15 531 habitants Wattignies
6%
17 401 habitants Yutz
6%
18 468 habitants Éragny
5%
18 110 habitants Faches-Thumesnil
5%
15 968 habitants Hayange
5%
18 527 habitants Lamentin
5%
15 996 habitants Le François
5%
16 416 habitants Loire-Authion
5%
17 277 habitants Osny
5%
17 630 habitants Sainte-Rose
5%
16 798 habitants Ambarès-et-Lagrave
4%
18 331 habitants Mauges-sur-Loire
4%
16 709 habitants Orée d'Anjou
4%
15 209 habitants Saint-Brice-sous-Forêt
4%
17 731 habitants Capesterre-Belle-Eau
3%
16 078 habitants Domont
3%
16 034 habitants Vauréal
3%
15 262 habitants Wittenheim
3%
15 848 habitants Dembeni
2%
17 912 habitants Ducos
2%
18 847 habitants Macouria
2%
15 755 habitants Montrevault-sur-Èvre
2%
15 898 habitants Morne-à-l'Eau
2%
Aucun quiz correspondant
Distribution des résultats
% des personnes avec chaque résultat
Percentile par nombre de réponses
Votre historique - résultats
Vous n’avez pas pris ce quiz